000 00421nam a2200169 a 4500
001 0000-8654
003 ELIB.Books
008 110520 1992
035 _a(ELIB.Books)0000-8800
082 _a266
_bWie
100 _aWiebracht Dean
245 _aThe World beyond your Walls
260 _bManila: Philippine Crusades
_c1992
650 _aMission
942 _2ddc
_cBK
998 _cbat
_e2011-05-20
999 _c8654
_d8654